[Event "?"]
[Site "?"]
[Date "2012.06.17"]
[Round "?"]
[White "Caruana, Fabiano"]
[Black "Kramnik, Vladimir"]
[Result "1-0"]
[WhiteElo "2770"]
[BlackElo "2801"]
[PlyCount "79"]
[EventDate "2012.??.??"]

1. e4 e5 2. Nf3 Nc6 3. d4 exd4 4. Nxd4 Nf6 5. Nxc6 bxc6 6. e5 Qe7 7. Qe2 Nd5 8.
c4 Ba6 9. Nd2 g6 10. Nf3 Bg7 11. Bg5 f6 12. exf6 Qxe2+ 13. Bxe2 Nxf6 14. O-O-O
O-O-O 15. Be3 {N} (15. Rhe1 Rde8 16. Be3 d6 17. Nd4 c5 18. Nc6 Bb7 19. Bf3 Kd7
20. Nxa7 Bxf3 21. gxf3 c6 22. Rd3 Kc7 23. Red1 Re6 24. Ra3 Nd7 {... 1-0,
Sveshnikov Evgeny (LAT) 2496 - Hungaski Robert Andrew (USA) 2366, Moscow 
(Russia) 2006.02.14}) 15... Rde8 16. Bd3 d6 17. c5 Bxd3 18. Rxd3 Nd5 19. cxd6
cxd6 20. Bxa7 Kc7 21. Be3 Ra8 22. a3 Ra4 23. Re1 Rf8 {?!} (23... Nxe3 24. fxe3
Re8 25. Red1 d5 26. Nd2 Rg4 27. Rf1 Re7 28. Rf2 Ra4 29. Kc2 Bh6 30. Re2 Ra8 31.
Nf3 {&lt;font color=red&gt;+0.08|d24&lt;/font&gt; $11}) 24. Ng5 Re8 25. Bb6+
Kd7 26. Rxe8 Kxe8 27. Be3 Kd7 28. Rb3 Kc8 29. Bd2 h5 30. Nf7 Kc7 31. Rg3 Ne7
32. b4 Kd7 33. Rd3 d5 34. Kc2 Nf5 35. Bc3 d4 36. Kb3 Ra8 37. Ng5 Kd6 38. f3 {?!
} (38. Kc4 Rxa3 39. Bxd4 Rxd3 40. Bc5+ Ke5 41. Kxd3 Kd5 42. g3 Nd4 43. Bxd4
Bxd4 44. Nh3 Be5 45. Nf4+ Bxf4 {&lt;font color=red&gt;+1.02|d24&lt;/font&gt;
$16}) 38... Kd5 39. Ne4 Ne3 {?} (39... Rxa3+ 40. Kxa3 Kc4 41. Bxd4 Kxd3 42.
Bxg7 Nxg7 43. Ng5 Nf5 44. Ka4 Ne3 45. Ne6 Kc4 46. g3 Nf1 47. h4 {&lt;font
color=red&gt;+0.37|d22&lt;/font&gt; $14}) 40. Rxe3 {Z0} ({dxe3 Bxg7 Ke6} 40. a4
{e2 Bc3 Kd5 a5} h4 41. h3 Rd8 42. Be1 Ke5 {a6 g5 Kc4 Houdini Aquarium (0:01:01)
&lt;font color=red&gt;+2.90|d20&lt;/font&gt; $18}) 1-0

[Event "?"]
[Site "?"]
[Date "2012.06.17"]
[Round "?"]
[White "Morozevich, Alexander"]
[Black "McShane, Luke J"]
[Result "0-1"]
[WhiteElo "2769"]
[BlackElo "2706"]
[PlyCount "80"]
[EventDate "2012.??.??"]

1. d4 d5 2. c4 c6 3. Nf3 Nf6 4. Nc3 a6 5. e3 b5 6. b3 Bg4 7. h3 Bxf3 8. gxf3
Nbd7 9. Bg2 e6 10. Bd2 {N} (10. Qd3 dxc4 11. bxc4 Ne5 12. Qc2 Nxc4 13. O-O Bb4
14. a3 Be7 15. f4 Rc8 16. f5 exf5 17. Qxf5 O-O 18. Rd1 Qa5 19. Qc2 c5 20. d5
Nd7 21. Ra2 Nd6 22. e4 Bf6 23. Ne2 Qb6 24. f4 b4 25. Qd2 b3 {0-1, Bricard
Emmanuel (FRA) 2455 - Wagner Claude (FRA) 2355, Cannes (France) 1994}) 10...
Be7 11. f4 O-O 12. O-O bxc4 13. bxc4 Nb6 14. c5 Nc4 15. Be1 Kh8 16. Ne2 Rg8 17.
Ng3 g5 18. Qf3 {?!} (18. fxg5 Rxg5 19. Rb1 Rb8 20. Rb3 Rb5 21. Kh1 e5 22. Rg1
e4 23. a4 Rxb3 24. Qxb3 Qc8 25. Bf1 Bd8 {&lt;font color=red&gt;+0.12|d19&lt;/
font&gt; $11}) 18... g4 19. hxg4 Nxg4 20. Rc1 {?!} (20. Bh3 f5 21. Rb1 Rb8 22.
Rb3 Bh4 23. Bxg4 Rxg4 24. Kg2 Rb5 25. Qd1 Rxb3 26. Qxb3 Qe7 27. Rh1 a5 {&lt;
font color=red&gt;-0.40|d25&lt;/font&gt; $15}) 20... Qf8 {?!} (20... Bh4 21.
Rxc4 {&lt;font color=red&gt;-0.74|d23&lt;/font&gt; $15}) 21. Bh3 Nf6 22. Kh2
Rb8 23. e4 Rxg3 24. fxg3 dxe4 25. Qc3 Nb2 {?} (25... Qh6 26. Rh1 Ne3 27. Qd2
Nfd5 28. Kg1 Qg6 29. Bf2 Nxf4 30. Qxe3 Bg5 31. Qe1 e3 32. Bxe3 Nd3 33. Qd2 {
&lt;font color=red&gt;-0.94|d22&lt;/font&gt; $17}) 26. Rb1 Nd5 27. Qd2 Nc4 28.
Rxb8 Qxb8 29. Qe2 Nce3 30. Rh1 Bf6 31. Bg2 {?!} (31. Bc3 h5 32. Bd2 Qb2 33. Re1
Nc2 34. Bc1 Qb1 35. Qxh5+ Kg7 36. Bxe6 fxe6 37. f5 Nxe1 38. Bh6+ Kg8 {&lt;font
color=red&gt;+0.00|d21&lt;/font&gt; $11}) 31... Bxd4 32. Bxe4 {?} (32. Bh3 Qb5
33. Qxb5 axb5 34. Bd2 Nc4 35. Bc1 Kg7 36. f5 e5 37. Bf1 Nce3 38. Bxe3 Nxe3 39.
Bh3 Kf6 {&lt;font color=red&gt;-1.13|d21&lt;/font&gt; $17}) 32... Nxf4 33. gxf4
Qxf4+ 34. Bg3 {?} (34. Kh3 Qxe4 35. Rf1 Qg6 36. Rf4 e5 37. Rh4 f5 38. Qf3 f4
39. Bf2 Nf5 40. Bxd4 Nxd4 41. Qg4 Qd3+ {&lt;font color=red&gt;-2.75|d22&lt;/
font&gt; $19}) 34... Qxe4 35. Re1 Qf5 36. Bd6 Ng4+ 37. Kg2 Ne3+ 38. Kh2 e5 39.
Rg1 Qf4+ 40. Kh3 Qh6+ {Z0} ({Kg3} 40... Nf5 41. Kg2 Qg5+ 42. Qg4 Qxg4+ 43. Kh2
Qxg1+ 44. Kh3 Qg3# {Houdini Aquarium (0:00:53) &lt;font color=red&gt;-299.
95|d39&lt;/font&gt; $19}) 0-1

[Event "?"]
[Site "?"]
[Date "2012.06.17"]
[Round "?"]
[White "Radjabov, Teimour"]
[Black "Aronian, Levon"]
[Result "1/2-1/2"]
[WhiteElo "2784"]
[BlackElo "2825"]
[PlyCount "90"]
[EventDate "2012.??.??"]

1. Nf3 d5 2. g3 Bg4 3. Bg2 e6 4. c4 c6 5. O-O Nd7 6. cxd5 cxd5 7. Qb3 Qb6 8.
Qxb6 Nxb6 9. Nc3 a6 10. d3 Nf6 11. Ne5 Bh5 12. Be3 Nbd7 13. Nxd7 Nxd7 14. f4 {N
} (14. Rfc1 Bd6 15. Rc2 O-O 16. Na4 Rfc8 17. Rac1 Rxc2 18. Rxc2 Kf8 19. Kf1 Ke7
20. f4 Bg6 21. Bf2 Kd8 {... 1/2-1/2, Papadimitriou Athanasios (GRE) 2188 -
Zeppos Panagiotis (GRE) 2021, Nikea (Greece) 2011.06.21}) 14... Bb4 15. Kf2 O-O
16. Rfc1 Rfc8 17. h3 Bg6 18. g4 h5 19. Bf3 Bh7 20. gxh5 Kf8 21. Rg1 Rc7 22. Rg2
Be7 23. Bd4 Bf6 24. Bxf6 Nxf6 25. Rag1 Ne8 26. Rg4 {?!} (26. e4 Rd8 27. exd5
exd5 28. d4 Rc4 29. Rd1 Nc7 30. Kg3 b5 31. a3 b4 32. axb4 Rxb4 33. Rgd2 Bf5 {
&lt;font color=red&gt;+0.54|d24&lt;/font&gt; $14}) 26... d4 27. Na4 Rd8 28. Rg5
Bf5 29. b4 Rc2 30. Nc5 {?!} (30. Ra1 Bxd3 31. Rc5 Bc4 32. Nb6 Nd6 33. Ke1 Rxa2
34. Rd1 Bb5 35. Rxd4 Ke7 36. Rc7+ Ke8 37. Rc1 f5 {&lt;font color=red&gt;-0.
10|d22&lt;/font&gt; $11}) 30... b6 31. Ne4 Rxa2 32. Rc1 Rb2 33. Ra1 Nc7 34.
Rag1 Nd5 35. Rxg7 Nxf4 36. Rg8+ Ke7 37. Rxd8 Nxh3+ 38. Kg3 Nxg1 39. Rb8 Nxe2+
40. Bxe2 Rxe2 41. Rb7+ Kf8 42. Nd6 Bxd3 43. Rxf7+ Kg8 44. h6 Re5 45. Rg7+ Kf8 {
Z0} ({Kf4 Rh5 Rf7+ Kg8 Rg7+} 45... Kf8 46. Rf7+ {Houdini Aquarium (0:00:04)
&lt;font color=red&gt;+0.00|d26&lt;/font&gt; $11}) 1/2-1/2

[Event "?"]
[Site "?"]
[Date "2012.06.17"]
[Round "?"]
[White "Grischuk, Alexander"]
[Black "Nakamura, Hikaru"]
[Result "1-0"]
[WhiteElo "2761"]
[BlackElo "2775"]
[PlyCount "69"]
[EventDate "2012.??.??"]

{Qxc2+ Qxc2 Houdini Aquarium (0:02:19) &lt;font color=red&gt;+10.92|d22&lt;/
font&gt; $18} 1. e4 c5 2. Nf3 d6 3. d4 cxd4 4. Nxd4 Nf6 5. Nc3 g6 6. Be3 Bg7 7.
f3 Nc6 8. Qd2 O-O 9. g4 Nxd4 10. Bxd4 Be6 11. Nd5 Bxd5 12. exd5 Rc8 13. h4 Qc7
14. Rh2 e5 15. dxe6 fxe6 16. O-O-O e5 {N} (16... Nd5 17. Bxg7 Qxg7 18. Re2 Qf7
19. Re4 Rc6 20. Bb5 Rb6 21. Ba4 Nf4 22. Bb3 d5 23. Rd4 Rc6 24. Kb1 b5 25. a4 a6
{... 0-1, Oll Lembit (EST) 2595 - Georgiev Kiril (MKD) 2660, Biel (Switzerland)
1993}) 17. Be3 Qf7 18. Kb1 d5 {?!} (18... Nxg4 19. fxg4 Qxf1 20. h5 Qf3 21.
hxg6 hxg6 22. Qxd6 a6 23. g5 Qc6 24. Bc1 Qxd6 25. Rxd6 Rc6 26. Rxc6 {&lt;font
color=red&gt;+0.74|d23&lt;/font&gt; $14}) 19. h5 e4 {?!} (19... Nxg4 20. hxg6 {
&lt;font color=red&gt;+1.52|d23&lt;/font&gt; $16}) 20. hxg6 {?!} (20. h6 Bh8
21. g5 Nd7 22. Rf2 exf3 23. Rxf3 Qxf3 24. Bg2 Qf5 25. Bxd5+ Rf7 26. Bxf7+ Qxf7
27. Qxd7 Re8 {&lt;font color=red&gt;+2.02|d22&lt;/font&gt; $18}) 20... hxg6 21.
Be2 Qe6 {?!} (21... exf3 22. Bxf3 Ne4 23. Bxe4 dxe4 24. Rhh1 Qc7 25. Qd5+ Qf7
26. Qxe4 Rcd8 27. Bc1 a6 28. Rxd8 Rxd8 29. Re1 {&lt;font color=red&gt;+1.
47|d24&lt;/font&gt; $16}) 22. Bd4 Rc7 23. Rdh1 Rff7 {?!} (23... Re7 24. Bc5
Rff7 25. Bxe7 Rxe7 26. Qb4 g5 27. fxe4 Qxe4 28. Qc5 Qe5 29. c3 Qe3 30. Qd6 Kf7
31. Qd8 {&lt;font color=red&gt;+2.57|d20&lt;/font&gt; $18}) 24. a3 {?!} (24.
Qg5 a6 25. Qxg6 Kf8 26. g5 Qc6 27. Bc3 Ng8 28. Bb4+ Ke8 29. Qxc6+ bxc6 30. fxe4
Be5 31. Rh4 Rg7 {&lt;font color=red&gt;+4.48|d19&lt;/font&gt; $18}) 24... b6 {
?!} (24... Rfd7 25. fxe4 {&lt;font color=red&gt;+2.53|d15&lt;/font&gt; $18})
25. fxe4 Qxe4 26. g5 Nh5 27. Bxg7 Kxg7 28. Bxh5 gxh5 29. Rxh5 Qc4 30. Qd1 Qe4
31. g6 Rfe7 32. R5h4 Qe5 33. Rh7+ Kg8 34. R7h5 Qe4 35. Qd2 {Z0} () 1-0